| 000 | 01002cam a22002895a 4500 | ||
|---|---|---|---|
| 001 | 2016439 | ||
| 005 | 20160907103616.0 | ||
| 008 | 911105s1992 flua |rb 001 0 eng | ||
| 020 | _a0824784286 | ||
| 020 | _a9780824784287 | ||
| 040 |
_aDLC _cDLC _dDLC _dEG-ScBUE _beng |
||
| 082 | 0 | 4 |
_a622.33820681 _222 _bPET |
| 245 | 0 | 0 |
_aPetroleum economics and engineering / _cedited by H. K. Abdel-Aal, Bakr A. Bakr, M. A. Al-Sahlawi. |
| 250 | _a2nd ed. | ||
| 260 |
_aBoca Raton : _bTaylor & Francis/ CRC Press, _cc.2011. |
||
| 300 |
_aix, 440 p. : _bill. ; _c24 cm. |
||
| 500 | _aIndex : p. 435-440. | ||
| 504 | _aBibliography : p. 429-434. | ||
| 650 | 7 |
_aPetroleum engineering _xCosts. _924680 _2BUEsh |
|
| 650 | 7 |
_aPetroleum industry and trade. _95538 _2BUEsh |
|
| 651 | _2BUEsh | ||
| 653 |
_bENGPET _cJune2011 _cSeptember2016 |
||
| 700 | 2 |
_aAbdel-Aal, H. K., _eeditor. _924682 |
|
| 700 | 1 |
_aBakr, Bakr A., _d1938- _eeditor. _924683 |
|
| 700 | 1 |
_aAl-Sahlawi, M. A., _d1954- _eeditor. _924684 |
|
| 942 |
_2ddc _cBB |
||
| 999 |
_c15541 _d15541 |
||